000 00370nam a2200133Ia 4500
008 220214s9999 xx 000 0 und d
022 _a0066-4197
245 0 _aANNUAL REVIEW OF GENETICS
260 _bAnnual Reviews Inc., Palo Alto, California
_aUSA
310 _aA
500 _aEnding Volume & Year: 29, 1995
500 _aStarting Volume & Year: 5, 1971
942 _cBJ
999 _c6459
_d6459